[Event "Championnat de France des Jeunes - Benj"]
[Site "LA ROCHE SUR YON"]
[Date "2008.04.24"]
[Round "6.6"]
[White "Ane, Cedric"]
[Black "Feryn, Benjamin"]
[Result "1-0"]
[WhiteElo "2020"]
[BlackElo "1899"]
[Annotator "Salaun,Michel"]
[PlyCount "67"]
[EventDate "2008.04.24"]
[EventType "swiss"]
[EventRounds "6"]
[EventCountry "FRA"]

1. e4 e5 2. Nf3 Nc6 3. Bb5 Nge7 4. O-O g6 5. c3 Bg7 6. d4 exd4 7. cxd4 d5 8. e5
O-O 9. Nc3 Bg4 10. Be2 f6 11. exf6 Bxf6 12. Be3 Qd7 13. h3 Bf5 14. Ne1 Rae8 15.
g4 Be6 16. f4 Rf7 17. Na4 b6 18. Rc1 Qc8 19. Kh2 Kh8 20. Kg3 Bg7 21. Nf3 Bf6
22. Ne5 Bxe5 23. dxe5 Rg8 24. Kh2 h5 25. Kg3 d4 26. Bg1 Qb7 27. Bf3 Bd5 28.
Bxd4 Nxd4 29. Qxd4 Bxf3 30. Rxf3 h4+ 31. Kf2 Qd5 32. Qxd5 Nxd5 33. f5 Ne7 34.
Rxc7 1-0

[Event "Championnat de France des Jeunes - Benj"]
[Site "LA ROCHE SUR YON"]
[Date "2008.04.24"]
[Round "6.9"]
[White "Kirk, Eden"]
[Black "Roubaud, Alexandre"]
[Result "1/2-1/2"]
[WhiteElo "1915"]
[BlackElo "1949"]
[Annotator "Salaun,Michel"]
[PlyCount "51"]
[EventDate "2008.04.24"]
[EventType "swiss"]
[EventRounds "6"]
[EventCountry "FRA"]

1. c4 e5 2. Nc3 Nc6 3. g3 f5 4. Bg2 Nf6 5. e3 Bc5 6. Nge2 d6 7. O-O O-O 8. d4
Bb6 9. Nd5 Nxd5 10. cxd5 Ne7 11. dxe5 dxe5 12. b4 Ng6 13. Nc3 f4 14. Na4 Qd6
15. Nxb6 axb6 16. a3 Qf6 17. f3 Bd7 18. Qb3 fxg3 19. hxg3 Qg5 20. Kf2 Qf6 21.
Bb2 Bh3 22. e4 Bxg2 23. Kxg2 Qg5 24. Bc1 Nf4+ 25. Kf2 Nh3+ 26. Kg2 {(=)}
1/2-1/2

[Event "Championnat de France des Jeunes - Benj"]
[Site "LA ROCHE SUR YON"]
[Date "2008.04.24"]
[Round "6.10"]
[White "Cabanes, Kim"]
[Black "Neri, Jean-Baptiste"]
[Result "1-0"]
[WhiteElo "1939"]
[BlackElo "1890"]
[Annotator "Salaun,Michel"]
[PlyCount "33"]
[EventDate "2008.04.24"]
[EventType "swiss"]
[EventRounds "6"]
[EventCountry "FRA"]

1. e4 c5 2. Nf3 d6 3. c3 Nf6 4. h3 Nc6 5. Bd3 d5 6. e5 Nd7 7. e6 fxe6 8. Ng5
Nf6 9. Bxh7 Ne5 10. Bc2 Qc7 11. d4 Nc6 12. Bg6+ Kd7 13. Bf7 cxd4 14. Bxe6+ Ke8
15. Bf7+ Kd7 16. O-O Ne5 17. Bf4 1-0